000 00911nam a22002297a 4500
003 OSt
005 20150408114110.0
008 130122s2011 jo ||||| |||| 00| 0 ara d
020 _a978995733250
040 _aMa-un
082 _221
_a658.300711
_bح م د
100 _aالحريري، محمد سرور
_912387
245 _aالدراسات الأكاديمية الدولية الحديثة في إدارة الموارد البشرية /
_cمحمد سرور الحريري.
250 _aط. 1.
260 _aالاردن
_bمؤسسة الوراق للنشر والتوزيع
_c2011
300 _a206 ص. ؛
_c24 سم.
504 _aيشتمل علي ارجاعات ببليوجرافية.
650 _aإدارة الأفراد
_xدراسة وتعليم (عالي)
_919612
650 _aإدارة الموارد البشرية
_99665
650 _aإدارة الأفراد
942 _2ddc
_cDVD
999 _c26940
_d261440